| 000 | 00675nam a2200229 u 4500 | ||
|---|---|---|---|
| 005 | 20220531063607.0 | ||
| 008 | 141103s2009 es r 000 0 spa d | ||
| 020 | _a9788467535358 | ||
| 035 | _aUPN01000200587 | ||
| 049 | _aI | ||
| 050 | 4 |
_aPZ74.7 _bM8.32 |
|
| 100 | 1 |
_aMuzo _936867 |
|
| 245 | 1 | 0 |
_aUna caravana chulísima / _cMuzo ; tr. Xohana Bastida. |
| 260 |
_aMadrid : _bSM, _c2009. |
||
| 300 |
_a[28] p. : _bprincipalmente il. col. |
||
| 440 | 0 | _aVeo, veo, tebeo | |
| 534 |
_pTítulo original: _tUn chovette camping-car |
||
| 650 | 4 |
_aHUMORISMO GRAFICO _922721 |
|
| 650 | 7 |
_aTiras cómicas, historietas, etc. _2 _95861 |
|
| 905 | _aInfantil | ||
| 999 |
_c172688 _d172688 |
||